[Event "Izmir-ch"]
[Site "Izmir"]
[Date "2002.03.12"]
[Round "7.7"]
[White "Ilhan, Abdullah"]
[Black "Aydinalp, Suheyl"]
[Result "1-0"]
[WhiteElo "1851"]
[BlackElo "1758"]
[PlyCount "49"]
[EventDate "2002.03.??"]
[EventType "swiss"]
[EventRounds "9"]
[EventCountry "TUR"]
[SourceTitle "EXT 2004"]
[Source "ChessBase"]
[SourceDate "2003.11.25"]
[SourceVersion "1"]
[SourceVersionDate "2003.11.25"]
[SourceQuality "1"]

1. e4 c5 2. Nf3 d6 3. c3 Nf6 4. Be2 Bd7 5. d3 Bc6 6. 0-0 Nbd7 7. Nbd2 g6 8. Ng5 h6 9. Nh3 Bg7 10. f4 e6 11. Nc4 Qe7 12. e5 dxe5 13. fxe5 Nd5 14. Nd6+ Kf8 15. Rxf7+ Qxf7 16. Nxf7 Kxf7 17. d4 cxd4 18. cxd4 g5 19. Bh5+ Kg8 20. Bd2 a5 21. Qg4 Nc7 22. Rc1 Rf8 23. Bxa5 Bxe5 24. dxe5 Nxe5 25. Qe2 1-0